000 00868cam a2200217 4500
001 WB3619-39
008 000000n2000 000 0 eng u
035 _a(Sirsi) u105995
245 _aDownward trend in price of farmland
260 _c2000
490 _aFarmers' Weekly
_v12 May 2000, 10(1)
520 _aThe latest RICS Farmland Price Survey reports an increase in the average price of farmland in 1Q 2000. However, it suggests this high average disguises much lower values being achieved for poorer quality holdings. Strutt & Parker research challenges the RICS findings, reporting a slight dip in the average price of arable land in 1Q.
590 _aWB
650 _aRICS SURVEY
650 _aFARMLAND PRICE SURVEY
650 _aFARMLAND PRICES
650 _aSTRUTT & PARKER
650 _aFARMLAND MARKET
690 _aRURAL-MARKET
942 _n0
999 _c63475
_d63475